000 00482nam a2200181 i 4500
001 134319
003 ES-MaACL
005 20250805062609.0
007 t|
008 070907s1934 xxk ||||1| eng d
100 1 _aGinsberg, Morris.
_957145
245 1 0 _aSociology /
_cby Morris Ginsberg.
260 _aLondon :
_bThornton Butterworth,
_c1934.
300 _a255 p. ;
_c17 cm.
650 7 _aSociologĂ­a
_2embne
_917195
852 _aES-MaACL
_jA-3063
999 _c134319
_d134319